Fiatal nevelők fóruma

Elmentve itt :
Bibliográfiai részletek
Szerző: Nagy János
Dokumentumtípus: Cikk
Megjelent: 1970
Sorozat:Módszertani közlemények 10 No. 1
Kulcsszavak:Neveléstudomány
Online Access:http://acta.bibl.u-szeged.hu/26143
LEADER 00578nab a2200181 i 4500
001 acta26143
005 20210224155101.0
008 161017s1970 hu o 0|| hun d
022 |a 0544-7224 
040 |a SZTE Egyetemi Kiadványok Repozitórium  |b hun 
041 |a hun 
100 1 |a Nagy János 
245 1 0 |a Fiatal nevelők fóruma  |h [elektronikus dokumentum] /  |c  Nagy János 
260 |c 1970 
300 |a 41 
490 0 |a Módszertani közlemények  |v 10 No. 1 
695 |a Neveléstudomány 
856 4 0 |u http://acta.bibl.u-szeged.hu/26143/1/modszertani_010_001_041.pdf  |z Dokumentum-elérés